000 00253nam a2200109Ia 4500
008 230312s9999||||xx |||||||||||||| ||und||
082 _a758.541
_bNOR-H
100 _aNorman:Joanna
245 0 _aHandmade on britain
650 _aArchitecture
942 _cBK
999 _c14561
_d14561